Schnelle Mathematik - Potenzrechnen Level 10 - Statistiken

Allgemein
  • Dieses Quiz wurde 83 mal gespielt
  • Das Durchschnittsergebnis liegt bei 35 aus 60
Antwortstatistiken
Zahl Ergebnis % Korrekt
1
87%
25
87%
7⁰ 1
80%
3
80%
81
80%
9
80%
1
73%
1⁰ 1
73%
36
73%
5
73%
3⁴ 81
73%
9
73%
0
67%
1⁰ 1
67%
1
67%
1
67%
1
67%
1
67%
5⁰ 1
67%
4
67%
49
67%
0
60%
1
60%
1⁰ 1
60%
9⁰ 1
60%
10⁰ 1
60%
4
60%
6
60%
5⁴ 625
60%
64
60%
0
53%
1⁰ 1
53%
1
53%
1
53%
1
53%
2⁰ 1
53%
3⁰ 1
53%
4⁰ 1
53%
8⁰ 1
53%
10³ 1000
53%
2⁴ 16
53%
2
53%
4⁴ 256
53%
2⁵ 32
53%
2⁶ 64
53%
64
53%
7
53%
8
53%
6⁰ 1
47%
10¹ 10
47%
10² 100
47%
125
47%
8
47%
1
40%
16
40%
729
40%
216
33%
27
33%
343
33%
512
27%
Keine übereinstimmenden Quizze gefunden
Verteilung der Resultate
Anzahl Personen mit jedem Resultat
Perzentil nach korrekt beantworteten Fragen
Ihre Resultats-Entwicklung
Sie haben dieses Quiz noch nicht gespielt